000 00527nam a2200181Ia 4500
003 IN-BaIIA
008 211028s9999 xx 000 0 eng d
020 _a81-7371-242-5
040 _cIIA Library
080 _a530.145
_bGRI
100 _aGribbin, John
_910072
245 0 _aSchrodinger's Kittens and the search for reality
_bsolving the quantum mysteries
_cJohn Gribbin
260 _aHyderabad
_bUniversities Press
_c1999
300 _a261p.
650 _aQuantum Theory
650 _aRelativity Theory
_99895
942 _cBK
999 _c18653
_d18653